Справочник работника газового хозяйства. (ბიბ.ჩანაწერი № 47886)
[ მარტივი ფორმატი ]
| 000 -LEADER | |
|---|---|
| fixed length control field | 00747nam a2200229Ia 4500 |
| 001 - CONTROL NUMBER | |
| control field | 14763 |
| 003 - CONTROL NUMBER IDENTIFIER | |
| control field | GE_BSU |
| 008 - FIXED-LENGTH DATA ELEMENTS--GENERAL INFORMATION | |
| fixed length control field | 181216s||||||||xx |||||||||||||| ||und|| |
| 040 ## - CATALOGING SOURCE | |
| Transcribing agency | GE_BSU |
| 080 ## - UNIVERSAL DECIMAL CLASSIFICATION NUMBER | |
| Universal Decimal Classification number | 662.76(035.5) |
| 100 ## - MAIN ENTRY--PERSONAL NAME | |
| Personal name | Нечаев,М.А. Иссерлин,А.С. Млодок,Б.И. и др. |
| 245 ## - TITLE STATEMENT | |
| Title | Справочник работника газового хозяйства. |
| 245 ## - TITLE STATEMENT | |
| Statement of responsibility, etc. | Науч. ред. М.А.Нечаев. |
| 250 ## - EDITION STATEMENT | |
| Edition statement | Изд. 2-е, перер. и допол. |
| 260 ## - PUBLICATION, DISTRIBUTION, ETC. | |
| Place of publication, distribution, etc. | М. |
| 260 ## - PUBLICATION, DISTRIBUTION, ETC. | |
| Name of publisher, distributor, etc. | Недра. |
| 260 ## - PUBLICATION, DISTRIBUTION, ETC. | |
| Date of publication, distribution, etc. | 1965. |
| 300 ## - PHYSICAL DESCRIPTION | |
| Extent | 430 стр. с илл. 20 см. |
| 300 ## - PHYSICAL DESCRIPTION | |
| Accompanying material | Табл. |
| 653 ## - INDEX TERM--UNCONTROLLED | |
| Uncontrolled term | Справочник работника газового хозяйства. |
| 942 ## - ADDED ENTRY ELEMENTS (KOHA) | |
| Koha item type | წიგნი |
არაა ხელმისაწვდომი ეგზემპლარები.
